|
|
|
|
| LEADER |
00000nam0a2200000 4500 |
| 001 |
362909 |
| 005 |
20231102011533.0 |
| 035 |
|
|
|a (RuTPU)RU\TPU\retro\20255
|
| 090 |
|
|
|a 362909
|
| 100 |
|
|
|a 20210831d1931 k y0rusy50 ca
|
| 101 |
0 |
|
|a rus
|
| 102 |
|
|
|a RU
|
| 105 |
|
|
|a a z 000zy
|
| 200 |
1 |
|
|a Организация опытных нагнетаний при инженерно-геологических и гидрогеологических изысканиях
|f Н. К. Тихомиров, В. С. Борисов
|g СССР, Главное геологоразведочное управление
|
| 210 |
|
|
|a Москва
|a Ленинград
|c Геологическое изд-во главного геолого-разведочного управления
|d 1931
|
| 215 |
|
|
|a 21 с.
|c ил.
|
| 316 |
|
|
|5 63413507: КР-7087
|a На обложке книги штамп: «Библиотека Сибирского геолого-разведочного техникума»
|
| 317 |
|
|
|5 63413507: КР-7087
|a Поступил в НТБ в 2004 г. в составе книжного собрания кафедры общей геологии
|
| 606 |
1 |
|
|a Инженерно-геологические изыскания
|2 stltpush
|3 (RuTPU)RU\TPU\subj\12581
|9 39344
|
| 606 |
1 |
|
|a Гидрогеологические изыскания
|2 stltpush
|3 (RuTPU)RU\TPU\subj\6615
|9 34451
|
| 610 |
1 |
|
|a опытные нагнетания
|
| 610 |
1 |
|
|a организация
|
| 610 |
1 |
|
|a буровые работы
|
| 610 |
1 |
|
|a аварии
|
| 610 |
1 |
|
|a зимние условия
|
| 610 |
1 |
|
|a Коллекция кафедры общей геологии
|
| 610 |
1 |
|
|a дары библиотеке
|
| 675 |
|
|
|a 624.131.3
|v 4
|
| 675 |
|
|
|a 624.131.6
|v 4
|
| 700 |
|
1 |
|a Тихомиров
|b Н. К.
|
| 701 |
|
1 |
|a Борисов
|b В. С.
|
| 712 |
0 |
1 |
|a СССР
|b Главное геологоразведочное управление
|c (1928-1931)
|2 stltpush
|3 (RuTPU)RU\TPU\col\18482
|9 27044
|
| 801 |
|
1 |
|a RU
|b 63413507
|c 20210831
|
| 801 |
|
2 |
|a RU
|b 63413507
|c 20211117
|g RCR
|
| 942 |
|
|
|c BK
|